000
00248nam a22001217a 4500
008
180316b xxu||||| |||| 00| 0 eng d
041
_a
eng
080
_a
371
100
_a
25
101
_a
EDU
245
_a
Language
_c
Finegan, E
942
_2
udc
_c
BK
999
_c
45219
_d
45219